Music Quiz

Random Music Quiz

Do you know lyrics the Frontside ollie? Quiz Stats

 Plays Quiz not verified by Sporcle

Score 0/172 Timer 20:00
0 Plays Today
% Correct
ja
100%
100%
ja
100%
kundi
100%
100%
silmiäni
100%
usko
100%
en
100%
kun
100%
se
100%
tyttö
100%
teki
100%
sen
100%
täydellisen
100%
Frontside
100%
ollien
100%
100%
kun
100%
se
100%
Frontside
100%
täydellisen
100%
ollien
100%
ja
100%
100%
sen
100%
koodaillaan
100%
enää
100%
se
100%
kun
100%
se
100%
kundi
100%
100%
silmiäni
100%
usko
100%
en
100%
kun
100%
se
100%
tyttö
100%
teki
100%
sen
100%
täydellisen
100%
Frontside
100%
ollien
100%
100%
kun
100%
se
100%
täydellisen
100%
Frontside
100%
ollien
100%
tyttö
100%
100%
sen
100%
100%
silmiäni
100%
usko
100%
en
100%
kun
100%
se
100%
% Correct
tyttö
100%
teki
100%
sen
100%
täydellisen
100%
Frontside
100%
ollien
100%
kun
100%
sen
100%
täydellisen
100%
Frontside
100%
ollien
100%
100%
silmiäni
100%
usko
100%
en
100%
kun
100%
se
100%
tyttö
100%
teki
100%
sen
100%
täydellisen
100%
Frontside
100%
ollien
100%
kun
100%
sen
100%
täydellisen
100%
Frontside
100%
ollien
100%
Tommi
90%
kaupungilla
90%
taas
90%
illat
90%
rullaillaan
90%
kauniissa
90%
äänet
90%
kaikuu
90%
taas
90%
Ei
90%
huolia
90%
ei
90%
murheita
90%
ei
90%
kiire
90%
mihinkään
90%
sitten
90%
pari
90%
tytsyy
90%
siihen
90%
ilmestyy
90%
sekottaa
90%
Tommin
90%
pään
90%
Hei
90%
lainaa
90%
sun
90%
lautaa
90%
yllättäin
90%
Tommi
90%
% Correct
jutun
90%
jälkeen
90%
harvoin
90%
ei
90%
soittele
90%
mulle
90%
et
90%
lähetään
90%
taas
90%
ei
90%
Hei
90%
lainaa
90%
sun
90%
lautaa
90%
yllättäin
90%
Parin
90%
viikon
90%
jälkeen
90%
Tommin
90%
unohtaa
90%
jo
90%
isosiskon
90%
kaa
90%
Tommi
90%
yllättäin
90%
Tommi
90%
yllättäin
90%
sivuosaan
80%
pelkkään
80%
jäin
80%
veti
80%
skeittaamaan
80%
makeeta
80%
rampeilla
80%
pistää
80%
parastaan
80%
mutta
80%
Tommia
80%
kiinnosta
80%
seurustelee
80%
vaan
80%
sivuosaan
80%
pelkkään
80%
jäin
80%
veti
80%
skeittaanki
80%
sivuosaan
80%
jäi
80%
veti
80%
sivuosaan
80%
jäi
80%
veti
80%
Kevätillassa
70%
sisko
70%
sisko
70%
Olis
50%

You're not logged in!

Compare scores with friends on all Sporcle quizzes.
OR
Log In

Show Comments

Extras

Created Feb 25, 2012ReportNominate

Top Quizzes Today


Score Distribution

Your Account Isn't Verified!

In order to create a playlist on Sporcle, you need to verify the email address you used during registration. Go to your Sporcle Settings to finish the process.

Report this User

Report this user for behavior that violates our Community Guidelines.

Details: